=LDR 00000nam 2200000 4500 =001 INLIS000000000038828 =005 20130612144504 =008 ***********************************ind** =035 ##$$0010-061300000038828 =041 ##$$a ind =082 ##$$a 641.5 =090 ##$$a 641.5, Duo d =245 ##$$a 201 + Resep manca 5 benua/Tim dapur wahana =260 ##$$a 2009 $b ogjakart =300 ##$$a 147 Hlm, 24 Cm =650 ##$$a MASAKAN-RESEP =850 ##$$a NBPNMAT =990 ##$$a 0001/BPAP-NTB/20142015